00666nam a2200121Ia 4500008004100000100007600041245021300117245007600330260005300406260000900459650001500468856006100483170221s9999 xx 000 0 und d aKalsom Kayat, Nur Farrah Ain Zainuddin, Razamin Ramli, Maznah Mat Kasim 4aThe Perceived Role of Leadership and Community Support in the Performance of Community-Based Rural Homestay (CBRH) Programme in Malaysia Kalsom Kayat, Nur Farrah Ain Zainuddin, Razamin Ramli, Maznah Mat Kasim cKalsom Kayat, Nur Farrah Ain Zainuddin, Razamin Ramli, Maznah Mat Kasim bInternational Review of Management and Marketing c2012 xMarketing. uhttp://www.econjournals.com/index.php/irmm/issue/view/91